Civilisation matérielle, économie et capitalisme : Tome 1 - Les structures du quotidien (notice n° 1925652)
[ vue normale ]
| 000 -LEADER | |
|---|---|
| fixed length control field | 01434cam a2200133 4500500 |
| 005 - DATE AND TIME OF LATEST TRANSACTION | |
| control field | 20260329023228.0 |
| 041 ## - LANGUAGE CODE | |
| Language code of text/sound track or separate title | fre |
| 042 ## - AUTHENTICATION CODE | |
| Authentication code | dc |
| 100 10 - MAIN ENTRY--PERSONAL NAME | |
| Personal name | Braudel, Fernand |
| Relator term | author |
| 245 00 - TITLE STATEMENT | |
| Title | Civilisation matérielle, économie et capitalisme : Tome 1 - Les structures du quotidien |
| 260 ## - PUBLICATION, DISTRIBUTION, ETC. | |
| Name of publisher, distributor, etc. | Armand Colin,<br/> |
| Date of publication, distribution, etc. | 2022.<br/> |
| 520 ## - SUMMARY, ETC. | |
| Summary, etc. | Les trois volumes de Civilisation matérielle, économie et capitalisme nous plongent dans l'histoire du monde du XVe au XVIIIe siècle, un extraordinaire voyage à travers le temps et l'espace des civilisations humaines. C'est aussi une réflexion magistrale sur la nature et le rôle de ce capitalisme, acteur toujours plus essentiel des sociétés de l’époque médiévale et moderne. Ce premier volume, Les structures du quotidien, est l'évocation d'une culture matérielle, celle des objets, des outils, des costumes, des logements, des nourritures et des techniques…, des gestes au jour le jour du commun des hommes des villes et des campagnes, des riches et des pauvres. Cet « inventaire du possible » nous immerge dans le quotidien d’hommes et de femmes vivant dans un monde « immobile », durablement confrontés à l’étroitesse des espaces, aux faiblesses techniques et à la lenteur des transports et des communications. |
| 856 41 - ELECTRONIC LOCATION AND ACCESS | |
| Uniform Resource Identifier | <a href="https://shs.cairn.info/civilisation-materielle-economie-et-capitalisme--9782200633400?lang=fr&redirect-ssocas=7080">https://shs.cairn.info/civilisation-materielle-economie-et-capitalisme--9782200633400?lang=fr&redirect-ssocas=7080</a> |
Pas d'exemplaire disponible.




Réseaux sociaux